| 000 | 01874cam a2200409 a 4500 | ||
|---|---|---|---|
| 001 | 15631156 | ||
| 003 | OSt | ||
| 005 | 20230605092437.0 | ||
| 008 | 090219r20081935nyu b 000 0 eng d | ||
| 010 | _a 2009293383 | ||
| 020 | _a9780451531001 | ||
| 020 | _a0451531000 | ||
| 024 | 3 | 0 |
_a9780451531001 _d50395 |
| 035 | _a(OCoLC)ocn183268053 | ||
| 040 |
_aBTCTA _cBTCTA _dBAKER _dIEF _dDLC |
||
| 041 | 1 |
_aeng _hita |
|
| 042 | _alccopycat | ||
| 082 | 0 | 4 |
_a320.1 _bMAC |
| 100 | 1 |
_aMachiavelli, Niccolò, _d1469-1527. |
|
| 240 | 1 | 0 |
_aPrincipe. _lEnglish |
| 245 | 1 | 4 |
_aThe prince / _cNiccolò Machiavelli ; with an introduction by Christian Gauss and a new afteword by Regina Barreca ; the Oxford University Press "World's Classics" translation by Luigi Ricci, revised by E. R. P. Vincent. |
| 260 |
_aNew York : _bSignet Classic, _cc2008. |
||
| 300 |
_axxxiv, 126 p. ; _c18 cm. |
||
| 500 | _a"The Classic Analysis of Statesmanship and Power with a New Afterword by Regina Barreca"--Cover. | ||
| 500 | _aOriginally published: London : Oxford University Press, 1935, in series: The world's classics ; 63. With new introd. and afterword. | ||
| 504 | _aIncludes bibliographical references (p. 125-126). | ||
| 650 | 0 |
_aPolitical science _vEarly works to 1800. |
|
| 650 | 0 |
_aPolitical ethics _vEarly works to 1800. |
|
| 700 | 1 |
_aRicci, Luigi, _d1842-1915. |
|
| 700 | 1 |
_aVincent, Eric Reginald Pearce, _d1894- |
|
| 856 | 4 | 2 |
_3Publisher description _uhttp://www.loc.gov/catdir/enhancements/fy0905/2009293383-d.html |
| 856 | 4 | 2 |
_3Contributor biographical information _uhttp://www.loc.gov/catdir/enhancements/fy1204/2009293383-b.html |
| 856 | 4 | 1 |
_3Sample text _uhttp://www.loc.gov/catdir/enhancements/fy1505/2009293383-s.html |
| 906 |
_a7 _bcbc _ccopycat _d2 _encip _f20 _gy-gencatlg |
||
| 942 |
_2ddc _cBK |
||
| 999 |
_c226 _d226 |
||